| 000 | 00509nam a2200169 a 4500 | ||
|---|---|---|---|
| 005 | 20240919064121.0 | ||
| 008 | 991125s1994 mx 000 0 spa u | ||
| 035 | _aUPN01000011204 | ||
| 049 | _aC | ||
| 050 | 4 |
_aKGC325 1917 _bA5 1994a |
|
| 110 | 1 |
_aMéxico. _tConstitución política (1917) _927956 |
|
| 245 | 1 | 0 | _aConstitución Política de los Estados Unidos Mexicanos. |
| 260 |
_aMéxico : _bIFE, _c1994. |
||
| 300 | _a163 p. | ||
| 610 | 1 | 2 |
_aMéxico. _tConstitución política (1917) _927956 |
| 905 | _aLibro | ||
| 999 |
_c11204 _d11204 |
||